000 00255nam a22001217a 4500
008 171030b xxu||||| |||| 00| 0 eng d
041 _aALB
080 _a336
100 _a56
101 _aFIN
245 _aSISTEMI FINANCIAR
_cKORBI.A
942 _2udc
_cBK
999 _c36348
_d36348